000
00305nam a22001337a 4500
008
170929b xxu||||| |||| 00| 0 eng d
020
_a
2900312668906
041
_a
eng
080
_2
6 ED
_a
37
100
_a
47
101
_a
EDU
245
_a
CONCISE GUIDE TO WRITING
_c
AXELROD.R.B
942
_2
udc
_c
BK
999
_c
30856
_d
30856